000 00379nam a22001337a 4500
020 _a9781615300198
040 _cNust
082 _a700.88267
_bISL
100 _aKathleen Kuiper
_9124405
245 _aIslamic, Art, Literature, and Culture
260 _aChicago:
_bBritannica Education Publishing,
_c2010.
650 _aBritannica Education Publishing
_9124406
942 _2ddc
_cBK
999 _c610277
_d610277